000 01147nam a2200325 a 4500
001 000112137
003 CHAP
005 20220329144247.0
008 151208s2015 mx a fsm |||||||spa d
010 _a108598
011 _a109570
040 _cCHAP
090 _aTesis
100 1 _aVergara Soto, Salathiel
_9130301
245 1 0 _aUso de jugo de tuna (Opuntia sp.) como diluyente para la criopreservación de semen de bovino
_h[En línea]
_cpor Salathiel Vergara Soto.
260 _aChapingo, Méx. :
_bEl autor,
_c2015.
500 _aPara ver el contenido del material haga clic en la liga
502 _aTesis (Ing. Agr. Esp. en Zootecnia) -- UACH. Departamento de Zootecnia
590 _aE5995AHE
_b05
_c20151208
_lUCH01
_h0739
590 _aE5995AHE
_b05
_c20151208
_lUCH01
_h0739
590 _aE5995AHE
_b05
_c20151208
_lUCH01
_h0933
650 1 4 _aCriopreservación.
_928937
650 1 4 _aEspermatozoides.
_937839
650 1 4 _aSemen
_xCongelación.
_9103857
650 1 4 _aSemen
_xGanado vacuno.
_9103865
856 _aFinding aid
_uhttp://10.13.5.2/tesis/sist112137.pdf
_zTeclea aquí
901 _aBK
942 _cTESIS
942 _n0
999 _c108598
_d108598